[Event "ROM-chT "]
[Site "Mamaia"]
[Date "2015.10.10"]
[Round "8.5"]
[White "Vajda, Levente"]
[Black "Marin, Mihail"]
[Result "1-0"]
[WhiteElo "2568"]
[BlackElo "2580"]
[Annotator "Marin,M"]
[PlyCount "53"]
[EventDate "2015.10.03"]
[EventType "team-tourn"]
[EventRounds "9"]
[EventCountry "ROU"]
[SourceTitle "CBM 168 Extra"]
[Source "ChessBase"]
[SourceDate "2015.10.29"]
[SourceVersion "1"]
[SourceVersionDate "2015.10.29"]
[SourceQuality "1"]
[WhiteTeam "Baia Mare"]
[BlackTeam "Bucharest Apa Nova"]
[WhiteTeamCountry "ROU"]
[BlackTeamCountry "ROU"]

{The first part of the tournament could not have gone better for me, as I
scored 5 out of the first 6 rounds. This meant that I approached my "Blacks"
in the decisive round 7 and 8 encounters with optimism. Most probably, in both
games I was going to play the French and face the 3.Nd2 system - could
anything go wrong there for me at all? The seventh round game against Vovk
confirmed my confidence as we drew after a balanced battle. In round 8 I hoped
for more already, given the poor form of Levente in Mamaia, combined with his
usual hazarduous style. Up to a certain point my ambitions proved justified,
but eventually I also got a lesson in modesty.} 1. e4 e6 2. d4 d5 3. Nc3 {
As mentioned above, Levente's main weapon is the Tarrasch variation 3.Nd2, but
this time he does not show himself keen to play against my Isolani.} Bb4 4.
exd5 exd5 {This version of the Exchange Variation is more consistent than 3.
exd5 as in my game with Vremediuc from the same tournament. Black will have to
either exchange on c3, thus initiating an interesting battle of principles, or
lose a tempo by retreating with the bishop. On the other hand, it is far from
clear what the knight is really doing on c3.} 5. Bd3 Nf6 {I had had a brief
look at this variation before my game against Alekseev at the Jerusalem 2015
European championship but could not remember much of it. In fact, this is the
kind of position a French player would be happy to play, as common sense and
positional understanding prevail over memorising long variations.} 6. Nf3 {
A natural, but relatively rare move.} ({The main line goes} 6. Nge2 O-O 7. O-O
{and I believe that my Jerusalem preparation went along the sequence} c6 (7...
Bg4 8. f3 Bh5 9. Nf4 {Ivanchuk,V (2739)-So,W (2640) Khanty-Mansiysk 2009 CBM
134 [So,Wesley] (0-1, 39)}) 8. a3 (8. h3 Re8 9. Ng3 Nbd7 10. Qf3 Nf8 11. Nce2
Ng6 12. c3 {Bok,B (2562)-Van Kampen,R (2609) Amsterdam 2015 (½-½, 27)} Be7)
8... Bd6 9. Bf4 Re8 10. Qd2 Bg4 11. Rae1 Bxe2 12. Rxe2 Rxe2 13. Nxe2 Bxf4 14.
Qxf4 Nbd7 15. c3 Qb8 16. Qg5 Qd6 (16... Qc7 17. Ng3 Nf8 $11) 17. Ng3 Re8 $2 (
17... g6 18. f4 $5) 18. Qxg7+ $1 {Alekseev,E (2710)-Chigaev,M (2480) St
Petersburg (blitz) 2013 (1-0, 40)}) 6... O-O 7. O-O Bg4 {A natural and
reasonably good move.} ({But just as in the game against Vremediuc I did not
seriously consider opening the centre with} 7... c5 {even though I like
playing with the Isolani.} 8. dxc5 ({The standard reaction} 8. a3 {does not
work out well here:} Bxc3 9. bxc3 c4 10. Be2 Ne4 $15 {when White would have to
make concessions to defend his c3-pawn.}) 8... Bxc5 9. Bg5 Be6 10. Nb5 Nc6 11.
c3 h6 12. Bh4 g5 13. Bg3 Ne4 $132 {with a perfect version of the 3...c5
Tarrasch French.}) 8. h3 Bh5 9. Bg5 {Now or within the next few moves White
should pin the f6-knight.} ({Omitting Bg5 offers Black free play:} 9. g4 Bg6
10. Ne5 Bxd3 11. Qxd3 Nbd7 (11... c5 12. Bg5) 12. Bf4 c6 13. f3 Nxe5 14. dxe5
$6 {A consistent move, which does not promise White anything positive, though.}
(14. Bxe5 Nd7 {is just equal.}) 14... Nd7 15. Kg2 Re8 16. Rae1 Nc5 $15) 9... c6
10. g4 Bg6 11. Ne5 Bxd3 {I played this without hesitation, but there was at
least one worthy alternative.} (11... Nbd7 12. Nxd7 ({The bishop pair does not
offer White much after} 12. Nxg6 hxg6 13. Ne2 Qc7 {[%csl Re4,Rf4][%cal Gb4d6,
Ga8e8] /\ Bd6, ...Rae8 with good control in the centre for Black.}) 12... Qxd7
13. Bxf6 gxf6 14. Qf3 Bxc3 15. bxc3 Kg7 $11 {The kingside weakness is
irrelevant and besides White's structure is not perfect either.}) 12. cxd3 $5 {
Even though my opponent spent a lot of time on this move, I could not really
believe that I could be so lucky to play against such a structure.} ({Levente
confessed he refrained from the more natural and surely safer} 12. Qxd3 {
on account of} Bxc3 $1 13. Qxc3 (13. bxc3 {Sereinig,E (2300)-Pilaj,H (2241)
AUT-chT2S 0001 2000 (6) 1/2 We did not know that a draw was agreed here in the
only game so far with this line} Nbd7 14. Nxd7 Qxd7 15. Bxf6 gxf6 16. Rfe1 Rae8
$11 {/\ ...Re6. Once again, White has no concrete way of taking advantage of
Black's weaknesses. At the right moment, Black could even consider ...f6-f5.})
13... Ne4 14. Bxd8 Nxc3 15. bxc3 Rxd8 16. Rab1 f6 17. Nd3 b6 18. Rfe1 Kf7 $11)
12... Be7 {Black needs to free himself from the slight pressure, exchange the
bishops and complete his development. After that, the middlegame and endgame
alike would be very promising. But I also knew that my opponent would unearth
many dynamic ideas, so I had to be careful.} 13. Re1 Re8 14. Ne2 ({I had
entertained myself calculating the following lines:} 14. Qb3 Qb6 15. Bxf6 Qxb3
$1 (15... Bxf6 $2 16. Nc4 $1) 16. axb3 Bxf6 17. b4 Na6 18. b5 Nb4 19. bxc6 bxc6
$17 {/\...a5}) 14... Nfd7 15. Bxe7 Rxe7 16. Ng3 Nf8 (16... g6 $5 17. f4) 17.
Nf5 Re6 18. Qb3 {Trying to play on both wings.} Qc7 $1 (18... Qb6 $6 {would
run into} 19. Qa3 $1 {[%cal Gf5e7,Ge7d5] /\ Ne7+ more or less forcing the loss
of time} Qc7) 19. Nf3 {This move surprised me a lot. I had spent some time
checking lines such as:} (19. Rac1 {[%cal Gb3d5]} Na6 $11 {[%csl Gc7]}) (19.
Qa3 Na6 20. Rac1 (20. Nxc6 $2 Qxc6 21. Ne7+ Rxe7 22. Rxe7 Ng6 23. Re3 Nc7 $19)
20... Rae8 $11) (19. g5 $6 Nbd7 20. f4 f6 $17) 19... g6 ({Vajda rightly
pointed out that} 19... Nbd7 20. Ng5 Rf6 $1 $15 {[%csl Gf7][%cal Gc7f4] would
also have parried the immediate threats and ensured Black a lasting advantage.}
) 20. Nh6+ Kg7 21. Qb4 $5 {Another slight surprise.} ({I thought} 21. g5 {
was forced, with the possible continuation} Nbd7 22. Ng4 Rae8 23. Nfe5 f6 24.
gxf6+ Nxf6 $17 {[%csl Gd4,Gf4,Gf5] x f4, d4}) 21... Nbd7 {I took quite some
time before playing this, since I understood that Levente would sacrifice on
f7.} (21... Na6 {was simpler, but objectively less strong since the knight
would need some time to return into play via c7.} 22. Qd2 Rae8 $15 23. Rxe6 (
23. Qg5 Rxe1+ 24. Rxe1 Rxe1+ 25. Nxe1 Ne6 26. Nf5+ Kf8 27. Qh6+ Kg8 28. Ng3
Nxd4 $19) 23... Nxe6 24. Re1 Qd8 {x Re8, x c7} 25. Kg2 Qf6 26. Kg3 Nac7 27. Ne5
Nxd4 $17) 22. Nxf7 $5 {This sacrifice is not correct and it was caused by an
optical illusion, but otherwise White would just be strategically lost.} (22.
g5 Rae8 $17) 22... Rxe1+ $2 {But this shows that I had lost my feel for danger.
I did not content myself with two knights for a rook and a positional
advantage; I wanted the whole piece! But the last move weakens the defence of
the e-file, with fatal consequences.} ({Initially I had relied on} 22... Kxf7 {
which is good enough for a more or less decisive advantage:} 23. Ng5+ Kf6 24.
Nxe6 ({Levente had "calculated"} 24. Nxh7+ {without noticing the pawn was
defended. Later during the post mortem he agreed there was not much White
could do after} Nxh7 25. Rxe6+ Kxe6 26. Re1+ Kf7 27. Qe7+ Kg8 28. Re6 Nhf8 29.
Rf6 Qd8 30. Qf7+ Kh8 $19) 24... Nxe6 $17 {[%csl Gd4,Gf4]} 25. Re3 (25. f4 $2 c5
$1 $19 26. dxc5 Qxc5+) ({There is no real attack after} 25. Rxe6+ Kxe6 26. Re1+
Kf7 27. Re7+ Kg8 28. Qe1 Qd6 29. Re6 Qf4 30. Re7 Nf8 $19) 25... Re8 26. Rae1
Kf7 (26... Ndf8 $2 27. Rf3+ Kg7 28. Rxf8 $1) 27. f4 Nf6 28. f5 gxf5 29. gxf5
Ng7 30. Re5 Nxf5 31. Rxf5 Qg3+ 32. Kf1 Qxh3+ {[%csl Gf5]}) ({I had also
considered} 22... c5 $2 {to offer an advantage, but in this case I was wrong:}
23. dxc5 Rxe1+ 24. Rxe1 Kxf7 25. Qd4 Qxc5 26. Ng5+ Kg8 27. Qf4 $16) ({I saw no
reason for inserting} 22... a5 23. Qa3 (23. Qd2 Rxe1+ 24. Rxe1 Kxf7 $19) 23...
Qf4 $5 (23... Kxf7 $1 $17 {more is similar to 22...Kxf7}) 24. N7g5 Rf6 25. Qe7+
Kg8 26. Ne5 Qxg5 27. Nxd7 Nxd7 28. Qxd7 Raf8 29. Re8 Rxf2 30. Rxf8+ Rxf8 31.
Qe6+ Kg7 32. Rf1 $11) 23. Rxe1 Kxf7 24. Qe7+ $1 ({Much stronger than} 24. Re7+
Kg8 25. Ne5 c5 $1 26. Nxd7 $5 (26. dxc5 Qxc5 $19) (26. Qb5 Qd6 $19) 26... Qxd7
(26... cxb4 $2 27. Nf6+) 27. Qe1 (27. Qxc5 Qd8 $19) 27... Qd6 28. dxc5 Qf6 (
28... Qxc5 $2 29. Qe5 $18) 29. Qe3 $15 {But even this line is better for White
than that after 22...Kxf7, so my decision was wrong for many reasons.}) 24...
Kg8 25. Ne5 $1 {I had seen this, but only now did I understand that I was dead
lost.} (25. Ng5 Qf4 $19) 25... Qa5 $5 ({I had overlooked that after} 25... Qd8
26. Qf7+ Kh8 {White has} 27. Nxd7 Nxd7 (27... Qxd7 28. Re7 {is even worse.})
28. Re7 {when Black has nothing better than entering a lost ending:} Qg8 29.
Rxd7 Qxf7 30. Rxf7 $19) 26. Qf7+ ({I had hoped for} 26. b4 $2 Qd8 27. Qf7+ Kh8
28. Nxd7 Nxd7 29. Re7 Qg8 30. Rxd7 Qxf7 31. Rxf7 a5 $1 $14) 26... Kh8 27. Nf3
$1 {/\ Re7. As a result of this game my team lost and fell to the fourth place,
outside the podium (had I won, we would have drawn the match and got the
bronze medals). But just as the year before, the team from Baia Mare "helped"
us by losing the last match and we eventually got the bronze anyway.} 1-0

[Event "ROM-chT "]
[Site "Mamaia"]
[Date "2015.10.03"]
[Round "1.2"]
[White "Vedmediuc, Serghei"]
[Black "Marin, Mihail"]
[Result "0-1"]
[WhiteElo "2437"]
[BlackElo "2580"]
[Annotator "Marin,M"]
[PlyCount "126"]
[EventDate "2015.10.03"]
[EventType "team-tourn"]
[EventRounds "9"]
[EventCountry "ROU"]
[SourceTitle "CBM 169"]
[Source "ChessBase"]
[SourceDate "2015.11.10"]
[SourceVersion "1"]
[SourceVersionDate "2015.11.10"]
[SourceQuality "1"]
[WhiteTeam "Galati CC"]
[BlackTeam "Bucharest Apa Nova"]
[WhiteTeamCountry "ROU"]
[BlackTeamCountry "ROU"]

1. e4 e6 2. d4 d5 3. exd5 exd5 4. Nf3 Nf6 {Skripchenko,A (2429)-Marin,M (2583)
Douglas PokerStars op 2014 (3) 0-1 When checking my opponent's repertoire, I
was almost sure that we would get this position on the board. I have expressed
my subjective thoughts on the exchange variation in the comments to} 5. Bg5 Be6
$5 {As mentioned in my previous comments, I drew my inspiration from Vaganian.}
6. Bd3 Nbd7 7. Nbd2 h6 {I was not sure whether Serghei played this opening
with the aim of reaching a safe draw or rather to torture me in an one-sided
position, but the fact is that around this point he started spending
considerable amounts of time.} 8. Bh4 {While he was thinking I actually
started wondering for how long I could play on automatic pilot in such an
unforcing line. The last move keeps the game within familiar (and pleasant) to
me paths.} (8. Bf4 g5 9. Be3 {is hardly an improvement:} Ng4 10. Nf1 Nxe3 11.
Nxe3 Qf6 12. c3 O-O-O $36 {[%cal Gg5g4,Gh6h5,Gh5h4] /\...g4, ...h5-h4.}) ({
I was slightly worried by} 8. Be3 {when Black does not have anything better
than} Bd6 $11 {when the extra tempo (...h7-h6) in a perfectly symmetrical
position is not enough to hope to unbalance the position if White displays a
minimum of care. But these worries were of a subjective nature, of course,
since from the theoretical point of view Black should be more than happy with
the result of the opening.}) 8... g5 9. Bg3 Nh5 10. Qe2 ({Vaganian's game went
} 10. c3 Bg7 11. Qc2 Nxg3 12. hxg3 Qf6 13. Nf1 O-O-O 14. Ne3 Kb8 15. Bf5 h5
$132 {Skripchenko,A (2460)-Vaganian,R (2623) Germany 2004 CBM 101 (0-1, 78) 
[Mueller,Karsten]}) 10... Nxg3 11. hxg3 $146 {It is always a good question
which file should White open.} ({My game against Almira went} 11. fxg3 Bg7 12.
O-O g4 13. Nh4 Bxd4+ 14. Kh1 Qg5 15. Ng6 Rg8 16. Nb3 Bb6 17. Nf4 Qe5 18. Qd1 (
18. Rae1 $44) 18... O-O-O $17 {Skripchenko,A (2429)-Marin,M (2583) Douglas
2014 CBM 163 (0-1, 40) [Marin,M]}) 11... Bg7 12. c3 {[%csl Gd4] Xd4} Qf6 {
I kept playing according to my familiar plans.} ({But the radical} 12... c5 {
, activating the g7-bishop was an important alternative. During the game I did
not consider it seriously because of} 13. dxc5 Nxc5 14. Bb5+ {but it seems
that Black can safely give up the right to castle:} Ke7 {The king feels safe
here in the short term and later could castle artificially with ...Rhe8 and ...
Kf8.} 15. O-O-O ({This is the most principled continuation, but a safer one is
} 15. O-O a6 16. Qe3 Qc7 17. Be2 Rhe8 $11) (15. Nd4 Qb6 {does not induce major
differences.}) 15... Qb6 16. Nd4 a6 {Paradoxically, it will soon be the white
king which will have to endure the pressure of the g7-bishop and its
colleagues.} 17. Nxe6 (17. Bd3 Bxd4 18. cxd4 Nxd3+ 19. Qxd3 Kf6 $1 {[%cal
Ge6f5,Ga8c8] /\ Bf5}) (17. Nf5+ Kf6 18. Nxg7 Kxg7 {only helps the king to get
away from the centre.} 19. Bd3 Rhe8 20. Qe3 Nxd3+ 21. Qxd3 d4 $36 22. cxd4 Qa5
$40 {[%csl Ga2][%cal Ge6f5]} 23. a3 $2 Rac8+ 24. Kb1 Bf5 $19) 17... fxe6 18.
Bd3 Na4 $36 {[%csl Gb2,Gc3]}) 13. Nb3 {Not wiling to give me a second chance
to break the centre.} O-O-O 14. O-O-O ({I planned to meet} 14. Na5 {[%cal
Gd3a6] (threatening Ba6) with} Bg4 {[%csl Ga6] clearing the sixth rank for
defensive purposes and the e-file for active operations.}) 14... Bg4 {[%cal
Gg4d1] /^d1-h5. I could not refrain from ensuring my queenside against the
aforementioned attack while also creating a nasty pin.} ({But maybe the last
move is slightly premature, as Black could first advance his h-pawn:} 14... h5
15. Rde1 h4 $132 16. Ne5 $6 hxg3 17. Rxh8 Rxh8 18. fxg3 Nxe5 19. dxe5 Qe7 20.
Nd4 Kb8 $15 {[%csl Ge5,Gg3] x g3, e5}) 15. Rde1 h5 16. Nbd2 {Too passive.} ({
White could have taken advantage of my move order with} 16. Qe3 $5 {, since I
could not react with ...g5-g4 followed by ...Bh6. I planned} Bxf3 17. Qxf3 Qxf3
18. gxf3 Bf6 {followed by ...h5-h4 thinking that the passed h-pawn would
become dangerous later. But White seems to have a way to neutralise Black's
chances for a better ending:} 19. Bf5 Kb8 20. Rh3 h4 21. f4 $1 gxf4 22. gxh4
Rh5 $1 {An important intermediate move, forcing the bishop to occupy a
unfortunate square.} (22... Rxh4 23. Rxh4 Bxh4 24. Rh1 Be7 25. Rh7 $36) 23. Bg4
Rxh4 24. Rxh4 Bxh4 25. Rh1 Be7 26. Bxd7 (26. Rh7 Nf6 {[%cal Rf6g4,Rf6h7]})
26... Rxd7 $11 {White's rook's activity compensates for the irrelevant extra
pawn.}) 16... h4 ({I once again refrained from breaking with} 16... c5 {
, this time not without considering it seriously. I seem to have evaluated
wrongly the position after} 17. Qe7 Be6 $1 18. Qxf6 Bxf6 19. Ne5 Nxe5 20. dxe5
Be7 21. f4 gxf4 22. gxf4 {I over-estimated the positional threat f4-f5. After}
Rdg8 23. f5 Bd7 24. Re2 Rg3 $36 {Black has a strong kingside initiative while
the white pawns are not too threatening and could also become weak in the long
run.}) 17. Qe7 (17. gxh4 {would clear the g-file for my rooks for instance:}
gxh4 18. Qe7 Rdg8 $15) 17... hxg3 18. Qxf6 (18. Rxh8 {offers Black a pleasant
choice between two similar endings with or without rooks on board.} Rxh8 ({
During the game I was more inclined to avoid mass simplifying with} 18... Bxh8
19. fxg3 Be6 20. Qxf6 Bxf6 $15) 19. Qe8+ {I was afraid my winning chances
would not be too high after} Rxe8 20. Rxe8+ Qd8 21. Rxd8+ Kxd8 22. fxg3 Bf6 $15
{but the bishop pair and the weakness of the doubled pawns offers Black a long
term advantage.}) 18... Bxf6 19. fxg3 Be6 $1 {[%cal Gg5g4] /\...g4. I had
planned this in advance. My intention was to consolidate the centre and clear
the path for the g-pawn at the same time.} (19... c5 $5 {was also worth
considering.}) 20. b4 {[%csl Gc5] xc5. My opponent had had enough of the ...
c7-c5 issue so he decided on spending a tempo on preventing it.} g4 {As
White's 22nd move shows, this is a bit premature. I was convinced I would win
a pawn more or less by force, but failed to anticipate that the back rank
weakness would prevent me from doing it.} (20... c6 $1 {would have been a good
way to prepare my plan.}) 21. Nh4 $1 ({Of course, giving away the h-file would
lead to a very passive position:} 21. Rxh8 Rxh8 22. Ng1 Rh2 23. Bf1 Bg5 24. Ne2
Nf6 $17 25. Nf4 Bxf4 26. gxf4 Nh5 {wins a pawn.}) 21... Rh5 {[%cal Gd8h8] /\...
R8h8} 22. Nf1 $1 {I did not understand my opponent's idea at once, but when I
did I started wondering whether I had spoiled my advantage already.} a5 $1 {
Black needs to open a new front to acticate his dark-squared bishop.} ({If} 
22... Rdh8 23. Ne3 $15 Bxh4 $2 24. Rxh4 Rxh4 25. gxh4 Rxh4 26. Nxd5 $1 $11 {
This is when the back rank weakness counts.}) 23. a3 (23. b5 c5 24. bxc6 bxc6 {
[%cal Gc6c5] /\...c5}) (23. bxa5 c5 $17) 23... b6 24. bxa5 $6 $138 {A nervous
move in time trouble, allowing Black to get a strong initiative.} (24. Ne3 c5
$15) 24... c5 $1 25. axb6 cxd4 26. cxd4 Bxd4 27. Ne3 Nc5 $17 {The b6-pawn is
not important and it actually protects the black king for a short while.} 28.
Kc2 (28. Kd2 Ne4+ 29. Bxe4 dxe4 $19 {[%csl Rd2,Gd4,Ge6] ^^ xKd2}) 28... Kb7 (
28... Bxe3 $5 29. Rxe3 d4 30. Re2 Kb7 $19) 29. Nhf5 Nxd3 {By this moment I had
joined my opponent in time trouble, obliging me to play simple moves.} (29...
Rxh1 $1 30. Rxh1 Bxe3 31. Nxe3 Ra8 (31... Rc8 32. Kc3 $15) 32. Ra1 Rc8 $1 {
[%csl Ga1] x Ra1} 33. Bb5 (33. Kc3 $2 d4+ $1 34. Kxd4 Nb3+) 33... d4 34. Nc4
Na4 $19) 30. Kxd3 Rxh1 31. Rxh1 Bxb6 $17 {With little time on the clock one
would hardly refrain from playing such an ending.} 32. Nd4 Ra8 33. Nec2 Kc7 {
[%cal Gc7d7]} 34. Rc1 Kd7 35. Rb1 (35. Rf1 Bc5 {[%csl Ga3]} (35... Bc7 36. Nxe6
fxe6 37. Rf7+ {causes some problems with the coordination.}) 36. Ra1 Ra4 $17 {
[%cal Gd7d6]}) 35... Bc7 $1 {winning a pawn.} 36. Rb7 ({If} 36. Ne2 {[%csl Gg3]
} Bf5+ 37. Kd2 {Black does not even need to hurry winning the a3-pawn with ...
Bxc2, as after the knight retreat the bishops display overwhelming activity,
for instance:} Be4 {[%csl Gg2]}) 36... Kc8 37. Rb3 Bxg3 38. Nxe6 fxe6 39. Nd4
Ra6 40. Nb5 Be5 $19 {[%csl Gb5][%cal Ge5c3,Ge5c7] x Nb5 A safe last move
before the control, dominating the knight. Due to the reduced material Black
needs some accuracy to win, but the final result should no longer be a mystery.
} 41. Rb4 g3 42. Rg4 Kd7 43. a4 Kc6 44. Kc2 Kc5 45. Kb3 Ra8 46. Rg6 Re8 47. Rg4
Rf8 48. Rg6 Re8 ({I am not sure about my thoughts around this moment and have
no explanation why I refrained from} 48... Rf6 49. Rg5 Bf4 50. Rg8 e5 $19) 49.
Rg4 Bb8 $5 {My idea was to reach the previous position with White to move,
thus creating a zugzwang. This is OK, but as said there was no need for such
sophisticated means.} 50. Nc3 Bc7 51. Ne2 ({Deviating from my main line:} 51.
Nb5 Be5 {White's pieces occupy optimal squares and each available move worsens
his position. The rook should attack g3 and control f4, while the knight has
only one good square. For instance} 52. Rg6 {allows} Bf4 $19 {[%cal Ge6e5]})
51... Rb8+ 52. Kc2 (52. Ka3 e5 53. Nxg3 d4 54. Ne4+ Kc4 $19) 52... Rb4 $1 (
52... Be5 {is less clear-cut:} 53. Rg6 Kd6 54. Nxg3 Rb2+ 55. Kc1 $17 Rxg2 $2
56. Ne4+) 53. Rxb4 (53. Rg6 Rc4+ 54. Kb2 Re4 55. Nxg3 Rxa4 $19 {[%csl Ge6,Rg3]}
) 53... Kxb4 {The rest is simple. White cannot fight against the connected
pawns.} 54. a5 Kxa5 55. Nd4 e5 56. Nf5 Kb4 (56... e4 $2 {/\ xPg3} 57. Ne7 d4
58. Nc6+) 57. Kd3 Kc5 58. Nxg3 Bb6 (58... e4+ $4 59. Nxe4+) 59. Nf5 e4+ 60. Kc2
Bd8 61. g4 d4 62. Nh6 d3+ 63. Kd1 e3 0-1